000 00505nam a2200181Ia 4500
001 17200
005 20260306170407.0
008 260306t2015||||xx |||||||||||||| ||und||
041 _aESP
082 _a657.61
_bA64A
100 _aApaza Meza, Mario
_eAUT
245 0 _aAdopción y aplicación de las normas internacionales de información financiera:
_bNIIF - NIC - CINIIF - SIC
260 _c2015
300 _a952 páginas :
_c24 cm.
650 _aGEN
654 _aCCO
942 _cLIB
_dJUS
_fJUS
_2ddc
_n
999 _c17200
_d17200